000 00577nam a2200229Ia 4500
003 OSt
005 20221005132124.0
006 a|||||r|||| 00| 0
007 ta
008 221004b |||||||| |||| 00| 0 mal d
024 _a54641
037 _cTextual
040 _aCRL
_cCRL
_bmal
041 _2mal
_amal
082 _aO32,1MPKR, K4
100 _aNair Kunjiraman
_9627589
245 0 _aThamara then
260 _c1964
650 _aMALAYALAM LITERATURE
_938866
942 _hO32,1MPKR, K4
_cTEXL
_2cc
999 _c1062495
_d1062495